000 01587cam a22001815a 4500
001 L155215
008 120312s1673 xxk f 000 0 eng d
035 _a(Sirsi) u155215
041 0 _aeng
100 1 _aSmith, John
_dfl. 1633-1673
245 0 0 _aEngland's improvement reviv'd
_bin a treatise of all manner of husbandry & trade by land and sea. Plainly discovering the several ways of improveing all sorts of waste and barren grounds, and enriching all earths; with the natural quality of all lands, and the several seeds and plants which most naturally thrive therein. Together with the manner of planting all sorts of timber-trees, and under-woods, with two several chains to plaint seeds or sets by; with several directions to make walks, groves, orchards, gardens, planting of hops and good fences; with the vertue o trees, plants, and herbs, and their physical use; with an alphabet of all herbs growing in the kitchin, and physick-gardens; and physical directions. Also, the way of ordering cattel, with several observations about sheep, and choice of cows for the dairy, ... with many other remarks never before extant. Experienced in thirty years practise, and digested into six books, by John Smith, gent. Published for the common good
260 _aLondon
_bprinted by Tho. Newcomb, for Benjamin Southwood, at the Star next to Sergeants-Inn in Chancery-lane; and Israel Harrison near Lincolns-Inn
_c1673
300 _a[14], 270 p.
_c4o
583 _aCondition reviewed
_c20120620
_lcondition level 1
651 4 _aGreat Britain
_y1707-
690 _aRural
_96268
942 _n0
999 _c113402
_d113402